000 02392cam a22005534i 4500
003 PE-LiUPU
005 20250731173348.0
008 150706s2003 sp rb 000 0 spa d
020 _a9788481698640
035 _a(Sirsi) i9788484698640
040 _aPE-LiUPU
_bspa
_cPE-LiUPU
_erda
049 _aPRUA
082 0 4 _a280
_bD93
_221
100 1 _aDunn, James D. G.,
_d1939- ,
_eautor.
245 1 0 _aJesús recordado /
_cJames D.G. Dunn ; traducción, Serafín Fernández Martínez.
264 1 _aEstrella :
_bVerbo Divino,
_c2003.
300 _a1086 páginas ;
_c24 centímetros.
336 _atext
_2rdacontent
337 _aunmediated
_2rdamedia
338 _avolume
_2rdacarrier
490 0 _aEl cristianismo en sus comienzos ;
_v1
504 _aIncluye bibliografía.
505 0 _aEl cristianismo a sus comienzos -- La fe de Jesús histórico -- A Jesús por sus evangelios -- La misión de Jesús -- La cuestión de cómo se veía Jesús a sí mismo -- Culminación de la misión de Jesús -- Jesús recordado.
526 _aSEG42
526 _aSEG41
526 _aSEG40
526 _aSEG39
526 _aP94
526 _aP87
526 _aP86
526 _aP85
526 _aP77
526 _aP76
526 _aP35
541 _g006-0041988;
541 _g007-0020481;
541 _g007-0022641;
650 1 _aJesucristo
_xHistoria de las doctrinas
_yIglesia primitiva, ca. 30-600
650 1 _aJesucristo
_xPersona y oficios.
650 0 4 _aCristianismo
_ySiglo I-VI.
910 _agl
_bjv
_cng
_d20091223
910 _adbm
_bjpc
_cjpc
_d20190523
942 _2ddc
_cBOOK
994 _aC0
_bPEPRU
596 _a1
999 _a232 D93
_wDEWEY
_c50265
_i64465
_d50265
_e2016-10-5
_f2021-11-11
_g6
_lCCODEBUL1
_mBUL
_n1
_p135.00
_q1
_r0
_sY
_tBOOK
_u2015-7-6
_xTEOLOGIA
_PP35
_0COMPRA
_o.STAFF. Colección Teología
999 _a232 D93
_wDEWEY
_c3
_i69484
_d2018-5-13
_e2018-5-9
_f2021-11-11
_g5
_lCCODEBUL1
_mBUL
_n2
_p145.00
_q3
_r0
_sY
_tBOOK
_u2015-7-6
_xTEOLOGIA
_PP35
_0COMPRA
_o.STAFF. Colección Teología
999 _a232 D93
_wDEWEY
_c4
_i60906
_f2021-11-9
_g3
_lCCODEBUL1
_mBUL
_p118.00
_r0
_sY
_tBOOK
_u2019-5-23
_xTEOLOGIA
_PP35
_0COMPRA
_o.STAFF. Colección Teología
980 _81
_gALBERTO SANCHEZ Responsable de Automatización